Central Library OPAC University of Rajshahi

Industrial Psychology : (Record no. 75363)

MARC details
000 -LEADER
fixed length control field 00854nam a22002417a 4500
001 - CONTROL NUMBER
control field 75363
003 - CONTROL NUMBER IDENTIFIER
rucl marc code BD-RjUL
005 - DATE AND TIME OF LATEST TRANSACTION
control field 20211209082658.0
008 - FIXED-LENGTH DATA ELEMENTS--GENERAL INFORMATION
fixed length control field 170322s1968 s a|||| |||| 001 0 eng d
035 ## - SYSTEM CONTROL NUMBER
System control number (BD-RjUL)75581
040 ## - CATALOGING SOURCE
Original cataloging agency BD-RjUL
Language of cataloging eng
Transcribing agency BD-RjUL
Modifying agency BD-RjUL
041 ## - LANGUAGE CODE
Language code of text/sound track or separate title eng
082 ## - DEWEY DECIMAL CLASSIFICATION NUMBER
Edition number 23
Classification number 158.7
Author mark and year BLI 1968
100 1# - MAIN ENTRY--PERSONAL NAME
Personal name Blum, Milton L.
9 (RLIN) 198623
245 10 - TITLE STATEMENT
Title Industrial Psychology :
Remainder of title its theoritical and social foundations : a revision of Industrial psychology and its social foundations, revised edition /
Statement of responsibility, etc. Milton L Blum & James C. Naylor
250 ## - EDITION STATEMENT
Edition statement Harper international ed.
260 ## - PUBLICATION, DISTRIBUTION, ETC. (IMPRINT)
Place of publication, distribution, etc. New York :
Name of publisher, distributor, etc. Harper & Row, Publishers,
Date of publication, distribution, etc. c1968
300 ## - PHYSICAL DESCRIPTION
Pagination xvi, 633 p. :
Illustrations ill. ;
Size 24 cm.
500 ## - GENERAL NOTE
General note Includes index
650 ## - SUBJECT ADDED ENTRY--TOPICAL TERM
Topical term or geographic name as entry element Psychology, Industrial
9 (RLIN) 198624
700 ## - ADDED ENTRY--PERSONAL NAME
Personal name Naylor, James C. , jt. auth.
942 ## - ADDED ENTRY ELEMENTS (KOHA)
Source of classification or shelving scheme Dewey Decimal Classification
Koha item type Books
Holdings
Lost status Source of classification or shelving scheme Damaged status Not for loan Collection code Permanent Location Current Location Shelving location Date acquired Total Checkouts Full call number Date last seen Copy number Koha item type Source of acquisition Cost, normal purchase price
  Dewey Decimal Classification   Not For Loan Non-fiction Central Library, University of Rajshahi Central Library, University of Rajshahi Reading Room 24/03/2019   158.7 BLI 1968 24/03/2019 C-1 Books    
  Dewey Decimal Classification     Non-fiction Central Library, University of Rajshahi Central Library, University of Rajshahi   02/12/1976   158.7 BLI 1968 26/05/2019 C-2 Books Jonthon waren and co. ltd. 2.90
  Dewey Decimal Classification     Non-fiction Central Library, University of Rajshahi Central Library, University of Rajshahi   10/05/1977   158.7 BLI 1968 26/05/2019 C-3 Books Heffers and Sons 45.25
  Dewey Decimal Classification     Non-fiction Central Library, University of Rajshahi Central Library, University of Rajshahi   26/12/1975   158.7 BLI 1968 26/05/2019 C-4 Books Jonthon waren and co. ltd. 2.40
  Dewey Decimal Classification     Non-fiction Central Library, University of Rajshahi Central Library, University of Rajshahi   26/12/1975   158.7 BLI 1968 26/05/2019 C-5 Books Jonthon waren and co. ltd. 2.40
  Dewey Decimal Classification     Non-fiction Central Library, University of Rajshahi Central Library, University of Rajshahi   26/12/1975   158.7 BLI 1968 26/05/2019 C-6 Books Jonthon waren and co. ltd. 2.90
  Dewey Decimal Classification     Non-fiction Central Library, University of Rajshahi Central Library, University of Rajshahi   26/12/1975   158.7 BLI 1968 26/05/2019 C-7 Books Jonthon waren and co. ltd.  
  Dewey Decimal Classification     Non-fiction Central Library, University of Rajshahi Central Library, University of Rajshahi   02/12/1975   158.7 BLI 1968 25/06/2019 C-8 Books Jonthon waren and co. ltd. 2.90
  Dewey Decimal Classification     Non-fiction Central Library, University of Rajshahi Central Library, University of Rajshahi   02/12/1975   158.7 BLI 1968 25/06/2019 C-9 Books Jonthon waren and co. ltd. London 2.90
  Dewey Decimal Classification     Non-fiction Central Library, University of Rajshahi Central Library, University of Rajshahi   02/12/1975   158.7 BLI 1968 25/06/2019 C-10 Books Jonthon waren and co. ltd. London 2.90